Islámský terorismus v jihovýchodní Asii
Nástup stúpencov islamu v juhovýchodnej Ázii. Situácia v Indonézii, na Filipínach , Thajsku a v Malajzii. Regionálne teroristické siete. Protiteroristická politika jednotlivých štátov juhovýchodnej Ázie. Regionálna protiteroristická spolupráca.
Salvato in:
| Autore principale: | |
|---|---|
| Natura: | Capitolo di libro |
| Lingua: | ceco |
| Soggetti: | |
| Tags: |
Nessun Tag, puoi essere il primo ad aggiungerne!!
|
MARC
| LEADER | 00000naa a2200000 4500 | ||
|---|---|---|---|
| 001 | r048619 | ||
| 005 | 20230922121011.8 | ||
| 041 | 0 | |a cze | |
| 044 | |a SK | ||
| 245 | 1 | 0 | |a Islámský terorismus v jihovýchodní Asii |c Miroslav Nožina |
| 520 | |a Nástup stúpencov islamu v juhovýchodnej Ázii. Situácia v Indonézii, na Filipínach , Thajsku a v Malajzii. Regionálne teroristické siete. Protiteroristická politika jednotlivých štátov juhovýchodnej Ázie. Regionálna protiteroristická spolupráca. | ||
| 610 | 2 | 0 | |a politika medzinárodná |
| 610 | 2 | 0 | |a terorizmus |
| 610 | 2 | 0 | |a islam |
| 610 | 2 | 0 | |a Ázia |
| 610 | 2 | 0 | |a regióny |
| 610 | 2 | 0 | |a Filipíny |
| 610 | 2 | 0 | |a Malajzia |
| 610 | 2 | 0 | |a Singapur |
| 610 | 2 | 0 | |a politika bezpečnostná |
| 100 | 1 | |a Nožina, Miroslav | |